[Event "Challenge"]
[Site "http://www.queenalice.com/game.php?id=245510"]
[Date "2007.7.25"]
[Round "-"]
[White "juim"]
[Black "israelramos"]
[Result "1-0"]
[WhiteElo "1763"]
[BlackElo "1818"]

1. e4 e5 2. Nf3 Nc6 3. d3 Bc5 4. Bg5 f6 5. Be3 Bxe3 6. fxe3 Nh6 7. Nh4 Qe7 8.
Nc3 Qc5 9. Qf3 d6 10. Be2 Ng4 11. Nf5 Bxf5 12. Qxf5 Nxe3 13. Qe6+ Ne7 14. Kd2
Nxg2 15. Nd5 Qa5+ 16. c3 Kd8 17. Qxe7+ Kc8 18. Bg4+ Kb8 19. Qxg7 Rd8 20. Qxf6
Re8 21. Qf7 Rd8 22. Rhg1 c6 23. b4 Qxd5 24. exd5 Nf4 25. Qe7 Rh8 26. Qxd6# 1-0

[Event "Challenge"]
[Site "http://www.queenalice.com/game.php?id=245511"]
[Date "2007.7.25"]
[Round "-"]
[White "farofa38"]
[Black "israelramos"]
[Result "1-0"]
[WhiteElo "1487"]
[BlackElo "1753"]

1. g4 e5 2. Nf3 Nc6 3. e4 Bc5 4. d3 h6 5. g5 d6 6. h4 h5 7. c3 f6 8. b4 Bb6 9.
b5 Nce7 10. c4 Bg4 11. Nc3 a6 12. bxa6 Rxa6 13. Be2 Nc6 14. Nd5 Ba5+ 15. Kf1
Nge7 16. gxf6 Nxd5 17. cxd5 Bxf3 18. Bxf3 Nd4 19. fxg7 Rg8 20. Rg1 Nxf3 21. Qxf3
1-0

[Event "Challenge"]
[Site "http://www.queenalice.com/game.php?id=245513"]
[Date "2007.7.25"]
[Round "-"]
[White "kfe"]
[Black "israelramos"]
[Result "1-0"]
[WhiteElo "1579"]
[BlackElo "1788"]

1. e4 e5 2. a4 Bc5 3. Nh3 h6 4. Qh5 Qf6 5. Ra3 Bxa3 6. Nxa3 d6 7. Bb5+ c6 8. Bc4
Bxh3 9. gxh3 Nd7 10. Rg1 O-O-O 11. d3 g6 12. Qe2 h5 13. Bg5 Qg7 14. Qf3 f6 15.
Bd2 Nc5 16. b4 Nxa4 17. h4 Nb2 18. Be6+ Kc7 19. Qe3 b6 20. Ke2 Nh6 21. Nc4 Nxc4
22. Bxc4 Ng4 23. Rxg4 hxg4 24. b5 c5 25. Qg3 f5 26. d4 exd4 27. Qa3 Ra8 28. Bd5
Qe7 29. Qa6 Rhb8 30. Bf4 Kd8 31. Bg5 Qxg5 32. hxg5 Ke7 33. Qa2 Re8 34. Bf7 Rh8
35. Qe6+ Kf8 36. Bxg6 1-0

[Event "Challenge"]
[Site "http://www.queenalice.com/game.php?id=245516"]
[Date "2007.7.25"]
[Round "-"]
[White "israelramos"]
[Black "kfe"]
[Result "1-0"]
[WhiteElo "1761"]
[BlackElo "1603"]

1. e4 e5 2. Bc4 d6 3. Qf3 Nh6 4. h3 Nc6 5. c3 Na5 6. Bd3 Be6 7. Ne2 Qh4 8. b4
Nc6 9. Ng3 a5 10. Bb5 Bd7 11. d3 axb4 12. Bc4 bxc3 13. Bxh6 f6 14. Be3 c2 15.
Na3 Rxa3 16. Bb3 Nd4 17. Bxd4 Ba4 18. Bxa4+ Rxa4 19. Be3 d5 20. Nf5 Bb4+ 21. Kf1
d4 22. Nxh4 dxe3 23. Qxe3 Ba3 24. Nf5 O-O 25. Qg3 Rf7 26. Nh6+ Kf8 27. Nxf7 Kxf7
28. Ke2 Bb2 29. Rac1 Bxc1 30. Rxc1 Rxa2 31. Qg4 Ke7 32. Qxg7+ Kd6 33. Qxf6+ Kc5
34. Qxe5+ Kb4 35. Qd4+ Ka3 36. Qc5+ Kb3 37. Qd5+ Kb2 38. Kd2 c6 39. Qd4+ Ka3 40.
Qc3+ Ka4 41. Rxc2 1-0

[Event "Challenge"]
[Site "http://www.queenalice.com/game.php?id=247130"]
[Date "2007.7.28"]
[Round "-"]
[White "israelramos"]
[Black "Pato"]
[Result "0-1"]
[WhiteElo "1764"]
[BlackElo "2091"]

1. e4 f5 2. e5 d5 3. d4 c5 4. dxc5 e6 5. b4 a5 6. c3 Nc6 7. Bb5 Bd7 8. bxa5 Qxa5
9. Bxc6 Bxc6 10. Qh5+ g6 11. Qd1 Bxc5 12. Nf3 Ne7 13. O-O h6 14. Bd2 Qc7 15. Be3
Bxe3 16. fxe3 O-O 17. Nbd2 Bb5 18. Re1 Qxc3 19. Nd4 Bd7 20. Rc1 Qd3 21. Rc7 Rxa2
22. N2b3 Qe4 23. Nd2 Qd3 24. N4f3 Ba4 25. Qe2 Qxe2 26. Rxe2 Nc6 27. Rxb7 Rf7 28.
Rb6 Rc7 29. Re1 g5 30. Nb1 Ra1 31. Nc3 Rxe1+ 32. Nxe1 Nxe5 33. Ne2 Bd7 34. h3
Nc4 35. Rb3 e5 36. Nc3 Nxe3 37. Kf2 Rxc3 38. Rb8+ Kf7 39. Nf3 e4 40. Ne5+ Ke6
41. Ng6 Kf6 42. Nf8 Ba4 43. Nh7+ Ke5 44. Nf8 f4 45. Ng6+ Kf6 46. Rb6+ Bc6 47.
Nf8 d4 48. Rb4 d3 49. Ke1 Rc1+ 50. Kd2 Rc2+ 51. Ke1 Re2# 0-1

[Event "Challenge"]
[Site "http://www.queenalice.com/game.php?id=247148"]
[Date "2007.7.28"]
[Round "-"]
[White "Andre251"]
[Black "israelramos"]
[Result "1-0"]
[WhiteElo "1739"]
[BlackElo "1669"]

1. e4 e5 2. Nc3 Bc5 3. Bb5 c6 4. Bc4 Qf6 5. Nh3 d5 6. exd5 Bxh3 7. Ne4 Qe7 8.
gxh3 Bb6 9. d6 Qd8 10. Qg4 g6 11. Ng5 Nh6 12. Qh4 Nf5 13. Bxf7+ Kd7 14. Qc4 Qxg5
15. Qe6+ Kd8 16. d3 Qh4 17. Rf1 Bc5 18. Qxe5 Nd7 19. Qxh8+ Nf8 20. Qxf8+ Kd7 21.
Qxa8 Nxd6 22. Bb3 Bb4+ 23. c3 Bc5 24. Qf8 Kc7 25. Kd2 Ne4+ 26. dxe4 Bxf8 27. Kc2
Qxh3 28. Be3 b6 29. Rad1 Bd6 30. Kb1 Qh4 31. f4 Qxh2 32. e5 Be7 33. Be6 Bc5 34.
Rd7+ Kb8 35. Bxc5 bxc5 36. Rfd1 Qxf4 37. Rd8+ Kb7 38. R1d7+ Ka6 39. a3 Qe4+ 40.
Ka2 Qxe5 41. Re7 Kb6 42. Ra8 c4 43. Raxa7 Qf6 44. Bxc4 h5 45. b4 Qf2+ 46. Kb3 c5
47. Reb7+ Kc6 48. b5+ Kd6 49. Rd7+ Ke5 50. Re7+ Kf4 51. Rf7+ 1-0

[Event "Challenge"]
[Site "http://www.queenalice.com/game.php?id=247520"]
[Date "2007.7.28"]
[Round "-"]
[White "israelramos"]
[Black "avadiaev"]
[Result "1-0"]
[WhiteElo "1773"]
[BlackElo "1757"]

1. e4 c5 2. Bc4 Nc6 3. Qf3 Ne5 4. Qc3 d6 5. Bb3 Nf6 6. f3 g6 7. d3 Bg7 8. Na3
Nfd7 9. Qd2 a6 10. Nc4 b5 11. Nxe5 Nxe5 12. c4 bxc4 13. dxc4 Be6 14. Qe2 O-O 15.
h3 a5 16. a4 Rb8 17. Ba2 Qb6 18. b3 Nxf3+ 19. Nxf3 Bxa1 20. Bh6 Bg7 21. Bxg7
Kxg7 22. O-O Qc6 23. e5 Bf5 24. Nh4 Be4 25. Re1 Bf5 26. Nxf5+ gxf5 27. Bb1 Rxb3
28. Bxf5 Rg3 29. Be4 Qxa4 30. Qh5 h6 31. Qf5 Rg8 32. Rf1 Qxc4 33. Qh7+ 1-0

[Event "Challenge"]
[Site "http://www.queenalice.com/game.php?id=247521"]
[Date "2007.7.28"]
[Round "-"]
[White "avadiaev"]
[Black "israelramos"]
[Result "0-1"]
[WhiteElo "1774"]
[BlackElo "1756"]

1. e4 e5 2. Nf3 Nc6 3. d4 exd4 4. Nxd4 Nxd4 5. Qxd4 c5 6. Qe5+ Qe7 7. Qxe7+ Bxe7
8. Bc4 Nf6 9. Nc3 a6 10. Be3 b5 11. Be2 Bb7 12. f3 O-O 13. Kf2 c4 14. a3 d5 15.
Rad1 dxe4 16. fxe4 b4 17. axb4 Bxb4 18. Bxc4 Bxe4 19. Nxe4 Nxe4+ 20. Kf3 Rfe8
21. Bd5 Nf6 22. Bxa8 Rxa8 23. Ra1 g6 24. Rhd1 Re8 25. Rxa6 Nh5 26. g4 Ng7 27. c4
h5 28. gxh5 Nf5 29. Bf2 gxh5 30. Rd5 Ng7 31. c5 Ne6 0-1

[Event "Challenge"]
[Site "http://www.queenalice.com/game.php?id=247522"]
[Date "2007.7.28"]
[Round "-"]
[White "israelramos"]
[Black "Andromaca"]
[Result "0-1"]
[WhiteElo "1772"]
[BlackElo "1774"]

1. e4 e5 2. Bc4 d6 3. Qh5 g6 4. Qf3 Nf6 5. h3 Nc6 6. c3 Qe7 7. d3 Be6 8. Bg5 Bg7
9. Bxe6 Qxe6 10. Ne2 O-O 11. Na3 a6 12. O-O d5 13. exd5 Nxd5 14. Nc2 f6 15. Be3
f5 16. d4 e4 17. Qg3 Nxe3 18. Nxe3 Rf6 19. Qxc7 Rf7 20. Qb6 h5 21. d5 Qd6 22.
dxc6 bxc6 23. Nc4 Qd5 24. Ne3 Qd6 25. Rad1 Qe6 26. Nd5 Raa7 27. Ndf4 Qxa2 28.
Ra1 Qc4 29. Qb8+ Kh7 30. Qd6 Rf6 31. Qd8 Kh6 32. Nd4 c5 33. Nde6 Rxe6 34. Nxe6
Qxe6 35. Rad1 Bf6 36. Qf8+ Bg7 37. Qxc5 Be5 0-1

[Event "Challenge"]
[Site "http://www.queenalice.com/game.php?id=247531"]
[Date "2007.7.28"]
[Round "-"]
[White "israelramos"]
[Black "JMRNETO"]
[Result "0-1"]
[WhiteElo "1761"]
[BlackElo "1765"]

1. e4 e5 2. Bc4 Nf6 3. Nc3 Bb4 4. h3 Nc6 5. d3 h6 6. Bd2 d6 7. a3 Ba5 8. Qf3 Nd4
9. Qd1 Be6 10. Bxe6 Nxe6 11. Nf3 c6 12. O-O Qe7 13. Ne2 Bb6 14. b4 Nd4 15. Nfxd4
Bxd4 16. Nxd4 exd4 17. Re1 O-O 18. Qf3 c5 19. Qg3 Kh7 20. Bf4 Nh5 21. Bxd6 Qf6
22. Qh2 Rfc8 23. Bxc5 b6 24. e5 Qe6 25. Bxd4 Rxc2 26. Be3 Qb3 27. g4 Qxd3 28.
Qh1 Rg8 29. gxh5 g6 30. hxg6+ Qxg6+ 31. Kh2 Qg3# 0-1

[Event "Challenge"]
[Site "http://www.queenalice.com/game.php?id=247536"]
[Date "2007.7.28"]
[Round "-"]
[White "israelramos"]
[Black "Sidinei"]
[Result "0-1"]
[WhiteElo "1769"]
[BlackElo "2334"]

1. e4 Nc6 2. Bc4 Nf6 3. Nc3 Nxe4 4. Bxf7+ Kxf7 5. Nxe4 g6 6. Ng5+ Kg7 7. Qf3 Qe8
8. b3 e5 9. Bb2 h6 10. Ne4 Be7 11. Nh3 d5 12. Ng3 d4 13. c3 Rf8 14. Qe4 h5 15.
cxd4 exd4 16. Bxd4+ Nxd4 17. O-O Bf6 18. Rae1 Bxh3 19. Qxb7 Be6 20. Re4 Qd7 21.
Ne2 Bd5 22. Rxd4 Bxd4 23. Qa6 Qg4 24. Ng3 Rae8 25. h3 Qxg3 0-1

[Event "Challenge"]
[Site "http://www.queenalice.com/game.php?id=247543"]
[Date "2007.7.28"]
[Round "-"]
[White "israelramos"]
[Black "DenisDiaz"]
[Result "1-0"]
[WhiteElo "1767"]
[BlackElo "1852"]

1. e4 e5 2. Bc4 Nf6 3. Nc3 Bc5 4. h3 a6 5. Qf3 b5 6. Bb3 Nc6 7. Nge2 Na5 8. Bd5
c6 9. Bb3 Nxb3 10. axb3 O-O 11. O-O d5 12. exd5 cxd5 13. d3 h6 14. Ng3 Re8 15.
Nh5 Nxh5 16. Qxh5 Re6 17. Be3 Bxe3 18. fxe3 Bb7 19. Qxf7+ 1-0

[Event "Challenge"]
[Site "http://www.queenalice.com/game.php?id=247544"]
[Date "2007.7.29"]
[Round "-"]
[White "israelramos"]
[Black "NextFuture"]
[Result "0-1"]
[WhiteElo "1771"]
[BlackElo "2121"]

1. e4 Nf6 2. Qf3 e5 3. Bc4 Be7 4. h3 O-O 5. d3 c6 6. Ne2 d5 7. exd5 cxd5 8. Bb3
Nc6 9. Nbc3 Be6 10. O-O Qd7 11. Qg3 Kh8 12. Ba4 Bd6 13. Nb5 Bb8 14. Bg5 Ne8 15.
Nbc3 f6 16. Be3 d4 17. Ne4 dxe3 18. fxe3 Bg8 19. Nc5 Qc7 20. Bb3 Qe7 21. Ne4 Nd6
22. Bxg8 Rxg8 23. N2c3 Nxe4 24. Nxe4 Nd8 25. Nc3 e4 26. Qe1 Qd6 27. g3 exd3 28.
Ne4 Qd5 29. Nc3 Qd7 30. Kh2 dxc2 31. Rc1 Nc6 32. Rxc2 Ne5 33. Rd2 Qe6 34. Qd1
Bc7 35. Nd5 Bb6 36. Nxb6 Qxb6 37. e4 Rad8 38. Rd5 Qxb2+ 39. Rd2 Rxd2+ 0-1

[Event "Challenge"]
[Site "http://www.queenalice.com/game.php?id=259476"]
[Date "2007.8.22"]
[Round "-"]
[White "israelramos"]
[Black "stoyan1"]
[Result "0-1"]
[WhiteElo "1769"]
[BlackElo "1773"]

1. e4 e5 2. Bc4 Qf6 3. d3 a6 4. a4 Bc5 5. Nf3 h6 6. Nc3 c6 7. O-O Ne7 8. b3 d6
9. Bb2 Bg4 10. h3 Bxf3 11. gxf3 O-O 12. Kh1 Rd8 13. Bc1 d5 14. exd5 cxd5 15.
Bxd5 Nxd5 16. Ne4 Qh4 17. Kh2 Bd4 18. Ra3 Bb2 19. Bxb2 Nf4 0-1

[Event "Challenge"]
[Site "http://www.queenalice.com/game.php?id=259481"]
[Date "2007.8.22"]
[Round "-"]
[White "DenisDiaz"]
[Black "israelramos"]
[Result "1-0"]
[WhiteElo "1902"]
[BlackElo "1723"]

1. d4 d5 2. e3 Nf6 3. Nf3 Bg4 4. Be2 g6 5. h3 Bf5 6. Bd3 Bxd3 7. Qxd3 Bg7 8. O-O
Nc6 9. Bd2 O-O 10. a3 Ne4 11. Nc3 Nxd2 12. Qxd2 Na5 13. b3 e6 14. Ne2 Nc6 15.
Rac1 e5 16. Rfd1 e4 17. Ne1 Ne7 18. c4 c6 19. cxd5 Nxd5 20. Nc3 Qg5 21. Nxe4 1-0

[Event "Challenge"]
[Site "http://www.queenalice.com/game.php?id=272452"]
[Date "2007.9.16"]
[Round "-"]
[White "israelramos"]
[Black "Pato"]
[Result "0-1"]
[WhiteElo "1726"]
[BlackElo "2051"]

1. e4 e5 2. Bc4 c6 3. Qh5 Qf6 4. d3 g6 5. Qe2 Bc5 6. Nf3 h6 7. a3 a5 8. a4 Ne7
9. Be3 Bxe3 10. Qxe3 d5 11. Bb3 d4 12. Qd2 Be6 13. Bxe6 Qxe6 0-1

[Event "Challenge"]
[Site "http://www.queenalice.com/game.php?id=272691"]
[Date "2007.9.16"]
[Round "-"]
[White "israelramos"]
[Black "JMRNETO"]
[Result "0-1"]
[WhiteElo "1656"]
[BlackElo "1928"]

1. e4 e5 2. Bc4 Nf6 3. Qf3 Nc6 4. c3 Bc5 5. d3 h6 6. h3 d6 7. Be3 Bxe3 8. Qxe3
Be6 9. Bxe6 fxe6 10. Nf3 Qe7 11. Nh4 Qf7 12. Qg3 g5 13. Nf3 Nh5 14. Qh2 Nf4 15.
Kd2 O-O-O 16. g3 Nxd3 17. Qg2 Nc5 18. Ne1 d5 19. exd5 exd5 20. Nd3 Nxd3 21. Kxd3
e4+ 22. Kc2 Qf3 23. Qf1 Ne5 24. Nd2 Qd3+ 25. Qxd3 Nxd3 26. f3 Nc5 27. fxe4 Nxe4
28. Nxe4 dxe4 29. Rhe1 Rhe8 30. Rad1 Rd6 31. Rxd6 cxd6 32. c4 Rf8 33. Rxe4 h5
34. Re3 Kd7 35. a4 Kc6 36. b4 Rf2+ 37. Kb3 g4 38. hxg4 hxg4 39. b5+ Kc5 40. Re4
Rf3+ 41. Kc2 Rxg3 42. a5 d5 0-1

[Event "Challenge"]
[Site "http://www.queenalice.com/game.php?id=288002"]
[Date "2007.10.17"]
[Round "-"]
[White "israelramos"]
[Black "paulmaster"]
[Result "0-1"]
[WhiteElo "1651"]
[BlackElo "1984"]

1. e4 c5 2. Bc4 e6 3. Nf3 Nc6 4. c3 Qc7 5. d4 cxd4 6. Nxd4 Nxd4 7. Qxd4 Nf6 8.
O-O Bc5 9. Qd3 O-O 10. b4 Bb6 11. Na3 a6 12. Be3 Ng4 13. g3 Nxe3 14. fxe3 Ba7
15. Rf3 b5 16. Bb3 Qe5 17. Raf1 d6 18. Nc2 Bb7 19. Rf4 g5 20. R4f2 Bxe4 21. Qe2
Qxc3 22. Qh5 Bxe3 23. Nxe3 Qxe3 24. Qd1 d5 25. Re1 Qc3 26. Ree2 Rac8 27. Re1
Qxb4 28. Ref1 Qc5 29. Qd2 h6 30. h4 Qc3 31. Qxc3 Rxc3 32. Kh2 f5 33. hxg5 hxg5
34. g4 f4 35. Rd1 Kg7 36. Re1 Rh8+ 0-1

[Event ""Suco de Acerola""]
[Site "http://www.queenalice.com/game.php?id=289907"]
[Date "2007.10.20"]
[Round "-"]
[White "paulmaster"]
[Black "israelramos"]
[Result "1-0"]
[WhiteElo "1955"]
[BlackElo "1674"]

1. d4 d5 2. c4 Nf6 3. Nc3 e6 4. g3 Bb4 5. Bg2 dxc4 6. Qa4+ Qd7 7. Qxb4 Qxd4 8.
Be3 Qd8 9. Rd1 Qe7 10. Bc5 a5 11. Qa3 Qxc5 12. Qxc5 Nfd7 13. Qa3 c6 14. Qd6 Na6
15. Nf3 Nb4 16. O-O h6 17. a3 Nd5 18. e4 Nxc3 19. bxc3 Ra6 20. Ne5 c5 21. Qc7
O-O 22. Nxd7 Rc6 23. Qf4 Re8 24. Ne5 1-0

[Event "Challenge"]
[Site "http://www.queenalice.com/game.php?id=390578"]
[Date "2008.4.20"]
[Round "-"]
[White "paulmaster"]
[Black "israelramos"]
[Result "1-0"]
[WhiteElo "2023"]
[BlackElo "1641"]

1. e4 e5 2. Nf3 Nc6 3. Bc4 Bc5 4. c3 Qf6 5. O-O d6 6. d4 exd4 7. cxd4 Bb6 8. e5
Qd8 9. Bg5 f6 10. exf6 gxf6 11. Re1+ Nce7 12. Bxg8 fxg5 13. Be6 Bxe6 14. Rxe6
Qd7 15. Qe2 h6 16. Nc3 c6 17. Re1 Rh7 18. Qe4 Rg7 19. d5 O-O-O 20. Rxe7 Rxe7 21.
Qxe7 Qxe7 22. Rxe7 Rf8 23. h3 Bd8 24. Re6 1-0

[Event "Challenge"]
[Site "http://www.queenalice.com/game.php?id=390579"]
[Date "2008.4.20"]
[Round "-"]
[White "israelramos"]
[Black "paulmaster"]
[Result "0-1"]
[WhiteElo "1643"]
[BlackElo "2021"]

1. e4 c5 2. Bc4 e6 3. Nf3 Nc6 4. c3 a6 5. d4 b5 6. Be2 cxd4 7. Nxd4 Qc7 8. g3
Nf6 9. Bf3 Be7 10. Nxc6 dxc6 11. Bf4 e5 12. Be3 Bh3 13. Bg5 h6 14. Bxf6 Bxf6 15.
Nd2 Rd8 16. Bg4 Bg2 17. Rg1 Bxe4 18. Qe2 Bd3 19. Qe3 O-O 20. h4 e4 0-1